000 00467nam a2200157 4500
001 127786
003 ES-MaACL
005 20230906193102.0
007 t|
008 070214s1963 sp r ||||1| spa d
100 1 _aRío Ayala, Juan del.
_997316
245 1 0 _aIballa:
_bromance de Fernán Peraza (siglo XV) /
_cJuan del Río Ayala.
260 _aLas Palmas :
_b[s.n.],
_c1963 (
_fImp. de Pedro Lezcano)
300 _a193 p. ;
_c25 cm.
852 _aES-MaACL
_jC-24127
999 _c127786
_d127786